Confidentiality. HIPAA today. Enforcement rule /

This video, from the Confidentiality: HIPAA Today series produced by Medcom, is about the HIPAA enforcement rule.

Bibliographic Details
Other Authors: Rodriguez, Rand (Director, Screenwriter)
Format: Video
Language:English
Language Notes:In English.
Published: Cypress, Calif. : Medcom, 2008.
Subjects:
Online Access:Connect to this streaming video (Alexander Street Press)

MARC

Tag First Indicator Second Indicator Subfields
LEADER 00000cgm a2200000Mi 4500
001 in00005582413
006 m o c
007 cr |n||||||||a
007 vz |za|z|
008 170321s2008 cau001 e o vueng d
005 20241201232746.4
035 |a (OCoLC)ocn981562674 
040 |a ALSTP  |b eng  |e rda  |e pn  |c ALSTP  |d OCLCO  |d OCLCF  |d OCLCQ  |d OCLCO  |d OCLCA  |d OCLCO  |d OCLCL  |d OCLCQ 
035 |a (OCoLC)981562674 
043 |a n-us--- 
049 |a TXAM 
245 0 0 |a Confidentiality.  |p HIPAA today.  |p Enforcement rule /  |c Medcom Trainex ; director, Rand Rodriguez ; writers, John Shannon and Rand Rodriguez. 
264 1 |a Cypress, Calif. :  |b Medcom,  |c 2008. 
300 |a 1 online resource (1 min.) 
306 |a 000035 
336 |a two-dimensional moving image  |b tdi  |2 rdacontent 
337 |a video  |b v  |2 rdamedia 
337 |a computer  |b c  |2 rdamedia 
338 |a other  |b vz  |2 rdacarrier 
338 |a online resource  |b cr  |2 rdacarrier 
347 |a data file  |2 rda 
500 |a Title from resource description page (viewed March 21, 2017). 
520 |a This video, from the Confidentiality: HIPAA Today series produced by Medcom, is about the HIPAA enforcement rule. 
546 |a In English. 
610 1 0 |a United States.  |t Health Insurance Portability and Accountability Act of 1996. 
630 0 7 |a Health Insurance Portability and Accountability Act of 1996 (United States)  |2 fast  |0 (OCoLC)fst01386851 
650 0 |a Medical records  |x Access control  |z United States. 
650 6 |a Dossiers médicaux  |x Accès  |x Contrôle  |z États-Unis. 
650 7 |a Medical records  |x Access control.  |2 fast  |0 (OCoLC)fst01014549 
651 7 |a United States.  |2 fast  |0 (OCoLC)fst01204155  |1 https://id.oclc.org/worldcat/entity/E39PBJtxgQXMWqmjMjjwXRHgrq 
655 7 |a Instructional films.  |2 fast  |0 (OCoLC)fst01726236 
655 7 |a Instructional films.  |2 lcgft 
655 7 |a Films de formation.  |2 rvmgf 
700 1 |a Rodriguez, Rand,  |e director,  |e screenwriter. 
710 2 |a Medcom, inc.,  |e production company. 
856 4 0 |u http://proxy.library.tamu.edu/login?url=https://www.aspresolver.com/aspresolver.asp?MARC;3371259  |z Connect to this streaming video (Alexander Street Press)  |t 0 
955 |a Alexander Street Press subscription streaming video 
994 |a 92  |b TXA 
999 f f |s da6cb901-465b-4603-bdf8-93771bc5c9db  |i 13fb48df-c832-44c7-be42-5a1dd3655d6e  |t 0 
952 f f |a Texas A&M University  |b College Station  |c Electronic Resources  |d Available Online  |t 0  |h Library of Congress classification 
998 f f |t 0  |l Available Online